| 000 | 00377 a2200133 4500 | ||
|---|---|---|---|
| 001 | 91604 | ||
| 082 | _aPR 1571 | ||
| 090 |
_c43757 _d43756 |
||
| 100 | _aUmer Sharif; Prof Sikander Hayat and Farooq-e-Azam, Advisors | ||
| 245 |
_aA Data Acquisition Unit using GMS-SMS Interface _n54 "B" EC |
||
| 260 |
_aRawalpindi _bNUST _c2001 |
||
| 300 | _a70p | ||
| 500 | _aBE Project Reports | ||
| 942 |
_aCAE NUST _kPR 1571 |
||
| 999 |
_c326677 _d326677 |
||